Iris / (Registro nro. 4535)
[ vista simple ]
| 000 -LEADER | |
|---|---|
| fixed length control field | 00851nam a2200217Ia 4500 |
| 003 - CONTROL NUMBER IDENTIFIER | |
| control field | OSt |
| 005 - DATE AND TIME OF LATEST TRANSACTION | |
| control field | 20250421151848.0 |
| 008 - FIXED-LENGTH DATA ELEMENTS--GENERAL INFORMATION | |
| fixed length control field | 191128t2014 sp er 000 f spa d |
| 020 ## - INTERNATIONAL STANDARD BOOK NUMBER | |
| International Standard Book Number | 9788420415994 |
| 040 ## - CATALOGING SOURCE | |
| Original cataloging agency | CO-JMCR |
| Transcribing agency | CO-JMCR |
| 041 ## - LANGUAGE CODE | |
| Language code of text/sound track or separate title | spa |
| 082 04 - DEWEY DECIMAL CLASSIFICATION NUMBER | |
| Classification number | A-N |
| Item number | PAZi |
| 100 1# - MAIN ENTRY--PERSONAL NAME | |
| Personal name | Paz Soldán, Edmundo, |
| Relator term | autor |
| 9 (RLIN) | 7760 |
| 245 10 - TITLE STATEMENT | |
| Title | Iris / |
| Statement of responsibility, etc. | Edmundo Paz Soldán |
| 260 14 - PUBLICATION, DISTRIBUTION, ETC. | |
| Place of publication, distribution, etc. | Madrid : |
| Name of publisher, distributor, etc. | Alfaguara, |
| Date of publication, distribution, etc. | ©2014 |
| 300 ## - PHYSICAL DESCRIPTION | |
| Extent | 367 páginas ; |
| Dimensions | 24 cm. |
| 500 ## - GENERAL NOTE | |
| General note | Incluye datos biográficos del autor en la solapa |
| 520 ## - SUMMARY, ETC. | |
| Summary, etc. | En un futuro no muy lejano, en una región tóxica llamada Iris se encuentra el Perímetro, territorio de las fuerzas colonizadoras. En el Perímetro vivien Xavier, un soldado que debe lidiar con una traumática herida de combate, y el capitán Reynolds |
| 650 14 - SUBJECT ADDED ENTRY--TOPICAL TERM | |
| Topical term or geographic name entry element | Libertad en la literatura |
| 9 (RLIN) | 7761 |
| 942 ## - ADDED ENTRY ELEMENTS (KOHA) | |
| Source of classification or shelving scheme | Dewey Decimal Classification |
| Koha item type | Books |
| Withdrawn status | Lost status | Source of classification or shelving scheme | Damaged status | Not for loan | Home library | Current library | Date acquired | Coded location qualifier | Total Checkouts | Full call number | Barcode | Date last seen | Date last checked out | Copy number | Koha item type |
|---|---|---|---|---|---|---|---|---|---|---|---|---|---|---|---|
| Dewey Decimal Classification | Biblioteca Pública José María del Castillo y Rada | Biblioteca Pública José María del Castillo y Rada | 11/28/2019 | Donación | 2 | A-N PAZi | 201809409 | 08/11/2025 | 08/08/2025 | Ej.1 | Books |